书目信息 |
| 题名: |
微信营销的实战策略
|
|
| 作者: | 蔡余杰 , 刘利 著 | |
| 分册: | ||
| 出版信息: | 北京 中国纺织出版社 2017 |
|
| 页数: | 166页 | |
| 开本: | 24cm | |
| 丛书名: | ||
| 单 册: | ||
| 中图分类: | F713.365.2 | |
| 科图分类: | ||
| 主题词: | 网络营销 | |
| 电子资源: | ||
| ISBN: | 978-7-5180-3677-6 | |
| 000 | 00819nam0 2200241 450 | |
| 001 | 012001000707 | |
| 005 | 20140920091302.0 | |
| 010 | @a978-7-5180-3677-6@dCNY32.00 | |
| 100 | @a20170905d2017 em y0chiy50 ea | |
| 101 | 0 | @achi |
| 102 | @aCN@b110000 | |
| 105 | @ay z 000yy | |
| 106 | @ar | |
| 200 | 1 | @a微信营销的实战策略@9Wei Xin Ying Xiao De Shi Zhan Ce Lue@f蔡余杰, 刘利著 |
| 210 | @a北京@c中国纺织出版社@d2017 | |
| 215 | @a166页@d24cm | |
| 330 | @a本书围绕当下微信营销的话题展开,深度介绍微信营销的策略、方法与技巧,对微信营销的平台、产品定位、市场定位、文案写作、工具运用、风险规避等方面进行了详细的介绍。 | |
| 606 | 0 | @a网络营销 |
| 690 | @aF713.365.2@v5 | |
| 701 | 0 | @a蔡余杰@9Cai Yu Jie@4著 |
| 701 | 0 | @a刘利@9Liu Li@4著 |
| 801 | 0 | @aCN@b上海新华@c20180901 |
| 905 | @b1155275-79@dF713.365.2@e1024@f5 | |
| 微信营销的实战策略/蔡余杰, 刘利著.-北京:中国纺织出版社,2017 |
| 166页;24cm |
| ISBN 978-7-5180-3677-6:CNY32.00 |
| 本书围绕当下微信营销的话题展开,深度介绍微信营销的策略、方法与技巧,对微信营销的平台、产品定位、市场定位、文案写作、工具运用、风险规避等方面进行了详细的介绍。 |
| ● |
| 相关链接 |
|
|
|
|
正题名:微信营销的实战策略
索取号:F713.365.2/1024
 
预约/预借
| 序号 | 登录号 | 条形码 | 馆藏地/架位号 | 状态 | 备注 |
| 1 | 1155275 | 211552755 | 第一样本阅览室/ [索取号:F713.365.2/1024] | 在馆 | |
| 2 | 1155276 | 211552764 | 第一借阅区/ [索取号:F713.365.2/1024] | 在馆 | |
| 3 | 1155277 | 211552773 | 第一借阅区/ [索取号:F713.365.2/1024] | 在馆 | |
| 4 | 1155278 | 211552782 | 第一借阅区/ [索取号:F713.365.2/1024] | 在馆 | |
| 5 | 1155279 | 211552791 | 密集书库-海洋学院/ [索取号:F713.365.2/1024] | 在馆 |